Т. 1.; Справочник химика

Bibliographische Detailangaben
Parent link:Справочник химика/ Под ред. Б. П. Никольского. Т. 1..— 3-е изд., испр..— , 1971-
Sprache:Russisch
Veröffentlicht: 1962
Schlagworte:
Format: Buch
KOHA link:https://koha.lib.tpu.ru/cgi-bin/koha/opac-detail.pl?biblionumber=45062

MARC

LEADER 00000nam2a2200000 4500
001 45062
005 20231101210927.0
035 |a (RuTPU)RU\TPU\book\46814 
035 |a RU\TPU\book\46813 
090 |a 45062 
100 |a 20021128d1962 k y0rusy50 ca 
101 0 |a rus 
102 |a RU 
105 |a a g 001zy 
200 0 |a Т. 1. 
210 |d 1962 
215 |a 1071 с.  |c ил. 
320 |a Предм. указ.: с. 1063-1071. 
320 |a Библиогр.: с. 119-158. 
461 1 |0 (RuTPU)RU\TPU\book\46810  |t Справочник химика  |f Под ред. Б. П. Никольского  |v Т. 1.  |e 3-е изд., испр.  |d 1971- 
606 1 |a Химия  |2 stltpush  |3 (RuTPU)RU\TPU\subj\17362  |9 43035 
610 1 |a справочники 
610 1 |a справочные издания 
610 1 |a вещества 
610 1 |a лабораторная техника 
610 1 |a свойства 
610 1 |a вещество 
610 1 |a органические соединения 
610 1 |a неорганические соединения 
610 1 |a единицы измерения 
610 1 |a константы 
610 1 |a строение 
675 |a 54(035)  |v 3 
801 1 |a RU  |b 63413507  |c 20021126  |g PSBO 
801 2 |a RU  |b 63413507  |c 20221004  |g PSBO 
942 |c BK